Rodin
Salvato in:
| Autori principali: | , |
|---|---|
| Natura: | Libro |
| Lingua: | francese |
| Pubblicazione: |
París
Arted
1967
|
| Soggetti: | |
| Tags: |
Aggiungi Tag
Nessun Tag, puoi essere il primo ad aggiungerne!!
|
MARC
| LEADER | 00000nam a2200000 a 4500 | ||
|---|---|---|---|
| 001 | UCV8176 | ||
| 003 | CL-VaPUC | ||
| 008 | 900828e19670000FR |||||||||||||||||fre|d | ||
| 082 | 0 | 4 | |a 730.92 |b JIA |2 21 |
| 100 | |a Jianou, Ionel |e author |9 493120 | ||
| 700 | 0 | |a Goldscheider, C |e author |9 302249 | |
| 245 | 1 | 0 | |a Rodin |
| 300 | |a 155 p | ||
| 942 | |c BK | ||
| 945 | |d 19900828 00:00:00 | ||
| 260 | |a París |b Arted |c 1967 | ||
| 600 | 0 | 7 | |a RODIN, AUGUSTE |2 CL-VaPUC |9 265296 |
| 650 | 0 | |a Escultura |9 265737 | |
| 650 | 7 | |a OBRAS ILUSTRADAS SIGLO 19 |2 CL-VaPUC |9 302250 | |
| 651 | 0 | |a Francia |9 255157 | |
| 583 | |a last modification |c 19900828 00:00:00 |k Rodrigo Vera | ||
| 999 | |c 213731 |d 213729 | ||
| 952 | |0 0 |1 0 |4 0 |6 730_920000000000000_JIA_1967 |7 0 |8 F |9 196402 |a BIBARQ |b BIBARQ |d 2019-11-14 |i 264293K |o 730.92 JIA 1967 |p 264293K |r 2025-01-20 |w 2019-11-14 |y BK_F |k ARQ | ||